Rapid Math #1 - One Minute Sprint - Statistics

General Stats
  • This quiz has been taken 3 times
  • The average score is 6 of 35
Answer Stats
Hint Answer % Correct
Ans - 1 16
100%
8+9 17
100%
sqrt(Ans) 4
67%
Ans^3 64
67%
Ans - 21 27
33%
cubert(Ans) 3
33%
Ans x 15 45
33%
Ans x 0.75 48
33%
Ans / 11 5
33%
Ans + 10 55
33%
Ans x 12 60
33%
Ans x 1.2 72
33%
sqrt(Ans) 10
0%
Ans - 25 100
0%
Ans x 8 / 13 104
0%
Ans x 3 123
0%
Ans^1.5 125
0%
Ans / 7 13
0%
Ans x 6 144
0%
Ans^2 169
0%
Ans - cubert(64) 24
0%
Ans + 18 25
0%
Ans x 0.7̅ 28
0%
(Ans - 5) / 2 31
0%
Ans x 0.625 35
0%
(Ans - 1) x 1.2 36
0%
Ans x 0.375 39
0%
Ans + 2 41
0%
Ans - 23 49
0%
Ans x 0.7 56
0%
Ans x 2 - 3 67
0%
sqrt(Ans) 7
0%
Ans x 8 80
0%
Ans x 11 / 18 88
0%
Ans + 3 91
0%
No matching quizzes found
Score Distribution
Percent of People with Each Score
Percentile by Number Answered
Your Score History
You have not taken this quiz